[Event "La Fere op 6th"]
[Site "La Fere"]
[Date "2007.07.11"]
[Round "7"]
[White "Brobecker, Alain"]
[Black "Ly, Anh Dao"]
[Result "0-1"]
[WhiteElo "1750"]
[BlackElo "2119"]
[PlyCount "104"]
[EventDate "2007.07.07"]
[EventType "swiss"]
[EventRounds "9"]
[EventCountry "FRA"]
[SourceTitle "CBM 119 Extra"]
[Source "ChessBase"]
[SourceDate "2007.09.04"]
[SourceVersion "1"]
[SourceVersionDate "2007.09.04"]
[SourceQuality "1"]

1. d3 d5 2. g3 Nf6 3. Bg2 c5 4. Nc3 Nc6 5. e4 Bg4 6. f3 Bc8 7. exd5 Nxd5 8. Nge2 e6 9. Bd2 Be7 10. Nf4 0-0 11. h4 Nd4 12. Ncxd5 exd5 13. h5 Re8 14. Kf2 h6 15. c3 Nf5 16. Qc2 d4 17. Rae1 b6 18. Nd5 Bb7 19. Nxe7+ Rxe7 20. Rxe7 Nxe7 21. Rh4 dxc3 22. Bxc3 Nf5 23. Rg4 Qe7 24. Qd2 Re8 25. Rf4 Qe3+ 26. Qxe3 Nxe3 27. Bh3 Nd1+ 28. Kf1 Nxc3 29. bxc3 Re3 30. Bf5 Rxf3+ 31. Rxf3 Bxf3 32. g4 Kf8 33. Kf2 Bd5 34. a3 Ke7 35. Ke3 Be6 36. Ke4 Bxf5+ 37. Kxf5 Kd6 38. Ke4 b5 39. d4 cxd4 40. Kxd4 g6 41. c4 bxc4 42. g5 Ke7 43. gxh6 Kf8 44. hxg6 fxg6 45. Kxc4 Kg8 46. Kd5 g5 47. Ke6 Kh7 48. Kf5 Kxh6 49. Kg4 Kg6 50. Kg3 Kf5 51. a4 a5 52. Kf3 Ke5 0-1

[Event "La Fere op 6th"]
[Site "La Fere"]
[Date "2007.07.10"]
[Round "5"]
[White "Hutin, Evgueny"]
[Black "Ly, Anh Dao"]
[Result "1-0"]
[WhiteElo "1910"]
[BlackElo "2119"]
[PlyCount "90"]
[EventDate "2007.07.07"]
[EventType "swiss"]
[EventRounds "9"]
[EventCountry "FRA"]
[SourceTitle "CBM 119 Extra"]
[Source "ChessBase"]
[SourceDate "2007.09.04"]
[SourceVersion "1"]
[SourceVersionDate "2007.09.04"]
[SourceQuality "1"]

1. d4 Nf6 2. Bg5 e6 3. Nd2 Be7 4. e4 h6 5. Bh4 d6 6. Bd3 Nc6 7. c3 e5 8. d5 Nb8 9. Ne2 Nxd5 10. exd5 Bxh4 11. 0-0 0-0 12. f4 Nd7 13. Bc2 exf4 14. Nxf4 Ne5 15. Nc4 Bg4 16. Qd4 g6 17. Nxg6 Nxg6 18. Qxg4 Qg5 19. Qxg5 Bxg5 20. Rae1 Rfe8 21. g3 b5 22. Na5 Ne5 23. Kg2 Ng4 24. Kh3 Ne3 25. Rf2 Nxd5 26. Rxe8+ Rxe8 27. Bb3 Nf6 28. Nc6 d5 29. Nxa7 c5 30. Nxb5 Re5 31. Nd6 Re6 32. Nf5 c4 33. Bd1 Ne4 34. Rc2 Nd2 35. Kg2 Re5 36. h4 Ne4 37. hxg5 Rxf5 38. gxh6 Rg5 39. g4 f5 40. Bf3 Nf6 41. Kg3 fxg4 42. Kf4 Rg6 43. Rg2 Kh7 44. Bxg4 Kxh6 45. Bf3 Nh5+ 1-0

[Event "La Fere op 5th"]
[Site "La Fere"]
[Date "2006.07.12"]
[Round "6"]
[White "Ly, Anh Dao"]
[Black "Menneveux, Jerome"]
[Result "1/2-1/2"]
[WhiteElo "2116"]
[BlackElo "1918"]
[PlyCount "114"]
[EventDate "2006.07.08"]
[EventType "swiss"]
[EventRounds "9"]
[EventCountry "FRA"]
[SourceTitle "CBM 113 Extra"]
[Source "ChessBase"]
[SourceDate "2006.09.14"]
[SourceVersion "1"]
[SourceVersionDate "2006.09.14"]
[SourceQuality "1"]

1. e4 e5 2. Bc4 Nc6 3. d3 Nf6 4. c3 d5 5. exd5 Nxd5 6. Nf3 Be7 7. Bb5 Bf6 8. Bxc6+ bxc6 9. 0-0 0-0 10. Na3 Nb6 11. d4 exd4 12. Nxd4 Bb7 13. Nf3 Qe7 14. Re1 Rad8 15. Qc2 Qd6 16. Be3 Qd5 17. Bf4 Qh5 18. Bxc7 Rd7 19. Be5 c5 20. Bxf6 gxf6 21. Nd2 Bxg2 22. Re3 Ba8 23. Ne4 Kh8 24. Rg3 Rfd8 25. f3 Bxe4 26. Qxe4 Rd2 27. h3 Qe5 28. Qxe5 fxe5 29. b4 cxb4 30. cxb4 Rd1+ 31. Rxd1 Rxd1+ 32. Kh2 Rd2+ 33. Rg2 Rd3 34. Nb5 Rxf3 35. Nxa7 Ra3 36. Nb5 Rd3 37. Re2 f6 38. Rg2 Nd5 39. Nd6 h6 40. b5 Nf4 41. Nf7+ Kh7 42. Rb2 Rxh3+ 43. Kg1 Rg3+ 44. Kf1 Rf3+ 45. Rf2 Rxf2+ 46. Kxf2 Nd5 47. a4 Kg7 48. Nd8 Kf8 49. Kf3 f5 50. Nc6 e4+ 51. Kf2 Ke8 52. Nd4 f4 53. Nf5 Kd7 54. Nxh6 Kc7 55. Nf5 Kb6 56. Nd6 Nc3 57. Nxe4 Nxe4+ 1/2-1/2

[Event "La Fere op 5th"]
[Site "La Fere"]
[Date "2006.07.10"]
[Round "4"]
[White "Ly, Anh Dao"]
[Black "Ninov, Nikolai"]
[Result "0-1"]
[WhiteElo "2116"]
[BlackElo "2517"]
[PlyCount "78"]
[EventDate "2006.07.08"]
[EventType "swiss"]
[EventRounds "9"]
[EventCountry "FRA"]
[SourceTitle "CBM 113 Extra"]
[Source "ChessBase"]
[SourceDate "2006.09.14"]
[SourceVersion "1"]
[SourceVersionDate "2006.09.14"]
[SourceQuality "1"]

1. e4 c5 2. Nc3 Nc6 3. g3 g6 4. Bg2 Rb8 5. d3 b5 6. a3 Bg7 7. Be3 b4 8. axb4 cxb4 9. Na4 e5 10. Nf3 Nf6 11. Qc1 0-0 12. Bh6 d5 13. exd5 Nxd5 14. Bxg7 Kxg7 15. 0-0 Qc7 16. Re1 Rd8 17. Nc5 a5 18. Ne4 h6 19. h3 Nde7 20. Ned2 Be6 21. Nc4 f6 22. Nfd2 Bd5 23. Bf1 Nf5 24. Ne3 Nxe3 25. Rxe3 Nd4 26. Nc4 Bxc4 27. dxc4 b3 28. Bd3 bxc2 29. Ra4 Rb3 30. Kh2 Rdb8 31. Ra2 f5 32. Bf1 f4 33. Rxb3 Rxb3 34. Ra3 Rxa3 35. bxa3 Qb7 36. gxf4 Qb1 37. Qe3 Qe1 38. Qg3 c1Q 39. Qg2 Qxf4+ 0-1

[Event "La Fere op 5th"]
[Site "La Fere"]
[Date "2006.07.10"]
[Round "3"]
[White "Pavillon, Guillaume"]
[Black "Ly, Anh Dao"]
[Result "0-1"]
[WhiteElo "1790"]
[BlackElo "2116"]
[PlyCount "66"]
[EventDate "2006.07.08"]
[EventType "swiss"]
[EventRounds "9"]
[EventCountry "FRA"]
[SourceTitle "CBM 113 Extra"]
[Source "ChessBase"]
[SourceDate "2006.09.14"]
[SourceVersion "1"]
[SourceVersionDate "2006.09.14"]
[SourceQuality "1"]

1. c4 Nf6 2. Nc3 g6 3. g3 c5 4. Bg2 Bg7 5. Nf3 0-0 6. 0-0 Nc6 7. d3 b6 8. Bf4 Bb7 9. Ne5 Nh5 10. Nxc6 Bxc6 11. Bxc6 dxc6 12. Bd2 Qd7 13. Qc1 Rfe8 14. Ne4 f5 15. Ng5 e5 16. Kg2 Rad8 17. Bc3 Bh6 18. Bd2 Bf8 19. a4 a5 20. Bc3 Bh6 21. Bd2 e4 22. Nxe4 Bxd2 23. Nxd2 Rxe2 24. Re1 Qxd3 25. Rxe2 Qxe2 26. Nf3 Rd3 27. Ng1 Qd2 28. Qb1 Rb3 29. Qd1 Rd3 30. Qb1 Nf6 31. Nf3 Qe2 32. Ng1 Qe4+ 33. Kf1 Qxc4 0-1

[Event "FRA-ch U20"]
[Site "Aix les Bains"]
[Date "2006.04.??"]
[Round "6"]
[White "Ly, Anh Dao"]
[Black "Gayol, Jean Pierre"]
[Result "1-0"]
[WhiteElo "2138"]
[BlackElo "1912"]
[PlyCount "89"]
[EventDate "2006.04.??"]
[EventType "swiss"]
[EventRounds "8"]
[EventCountry "FRA"]
[SourceTitle "EXT 2007"]
[Source "ChessBase"]
[SourceDate "2006.11.23"]
[SourceVersion "1"]
[SourceVersionDate "2006.11.23"]
[SourceQuality "1"]

1. e4 c6 2. d4 d5 3. Nc3 dxe4 4. Nxe4 Bf5 5. Ng3 Bg6 6. Nf3 Nd7 7. Bc4 Ngf6 8. 0-0 e6 9. Bb3 Bd6 10. c4 0-0 11. Nh4 c5 12. Nxg6 hxg6 13. Bg5 Qc7 14. Re1 Bf4 15. Bxf4 Qxf4 16. Ne2 Qh4 17. Qd3 Rfd8 18. Qg3 Qxg3 19. hxg3 Rac8 20. Rad1 Kf8 21. Nc3 cxd4 22. Rxd4 Nc5 23. Red1 Rxd4 24. Rxd4 Nxb3 25. axb3 Ke7 26. f3 Rc6 27. Kf2 Rb6 28. Rd3 Nd7 29. Re3 Kf8 30. Na4 Rd6 31. Ke2 b6 32. Nc3 a6 33. b4 Rd4 34. b3 Ke7 35. Ne4 Nb8 36. Rd3 Nc6 37. Rxd4 Nxd4+ 38. Kd3 f5 39. Kxd4 fxe4 40. Kxe4 Kd7 41. Ke5 Ke7 42. c5 bxc5 43. bxc5 a5 44. c6 g5 45. g4 1-0

[Event "FRA-ch U20"]
[Site "Aix les Bains"]
[Date "2006.04.??"]
[Round "3"]
[White "Payet, Alex"]
[Black "Ly, Anh Dao"]
[Result "0-1"]
[WhiteElo "1897"]
[BlackElo "2138"]
[PlyCount "40"]
[EventDate "2006.04.??"]
[EventType "swiss"]
[EventRounds "8"]
[EventCountry "FRA"]
[SourceTitle "EXT 2007"]
[Source "ChessBase"]
[SourceDate "2006.11.23"]
[SourceVersion "1"]
[SourceVersionDate "2006.11.23"]
[SourceQuality "1"]

1. e4 d5 2. exd5 Qxd5 3. Nc3 Qa5 4. d4 Nf6 5. Bc4 c6 6. Nf3 Bg4 7. Qe2 Qh5 8. Bf4 e6 9. Bxb8 Rxb8 10. Qe5 Rd8 11. Be2 Bb4 12. 0-0-0 Bxc3 13. Qxh5 Bxh5 14. bxc3 Ne4 15. Ng5 Bxe2 16. Nxe4 Bxd1 17. Rxd1 Ke7 18. f4 Rd5 19. Nc5 b6 20. Nd3 Rc8 0-1